000 00585nam a2200157 4500
008 070522s1980 ch mf j a000 1 eng d
090 _aPZ8.1
_bW29
245 0 4 _aThe Water-buffalo and the tiger /
_c[illustrations by Mi Gu]
250 _a3rd ed.
260 _aBeijing, China :
_bForeign Languages Press,
_c1980.
300 _a115 p., [6] leaves of plates :
_bill. (some col.) ;
_c21 cm.
490 1 _aFolk tales from China. 2nd ser.
650 4 _aTales
_zChina.
830 0 _aFolk tales from China.
_v2nd ser.
951 _p30637
_x00034789
_oPZ8.1/W29
_j070613111638906
_d2000-12-21
_cSP-C GC
999 _c29256
_d29256